[Event "FICGS class C 000311 email"]
[Site "FICGS email"]
[Date "2023.05.30"]
[Round "1"]
[White "Pintor, Manuel"]
[Black "Vollmer, Steve"]
[Result "1/2-1/2"]
[WhiteElo "1786"]
[BlackElo "1730"]
[PlyCount "152"]
[EventDate "2023.??.??"]
[EventType "tourn (corr)"]
[EventRounds "4"]
[SourceTitle "Corr 2024"]
[Source "ChessBase"]
[SourceDate "2023.10.19"]
[SourceVersion "1"]
[SourceVersionDate "2023.10.19"]
[SourceQuality "1"]

1. e4 e6 2. f4 Nf6 3. Nc3 Bb4 4. Nf3 Nc6 5. Bc4 d6 6. 0-0 0-0 7. d3 e5 8. f5 Na5 9. Bb5 a6 10. Ba4 b5 11. Bb3 c5 12. Nd5 Nxb3 13. axb3 Nxd5 14. exd5 Ba5 15. g4 f6 16. c4 Rb8 17. h4 Bc7 18. h5 h6 19. Nh4 Kh7 20. Ng6 Rg8 21. Bd2 Bb6 22. Kh2 Qc7 23. Kh3 Qb7 24. Kh4 Bd7 25. Ne7 Rgd8 26. Qf3 Ra8 27. Qg3 Be8 28. Ng6 Bf7 29. Rg1 a5 30. g5 hxg5+ 31. Bxg5 Bxd5 32. Bxf6 gxf6 33. cxd5 Rg8 34. Qf3 c4 35. Rg4 cxb3 36. Rc1 Bc5 37. Kg3 a4 38. Rh1 b4 39. h6 a3 40. Nxe5 Rxg4+ 41. Nxg4 Bd4 42. Qe4 Be5+ 43. Nxe5 dxe5 44. Qc4 a2 45. Ra1 Rd8 46. Qxb3 Qxd5 47. Qxa2 Qxd3+ 48. Kg2 Qe2+ 49. Kh1 Rd1+ 50. Rxd1 Qxd1+ 51. Kg2 Qc2+ 52. Kg3 Qxf5 53. Qf7+ Kxh6 54. Qf8+ Kg5 55. Qxb4 Qd3+ 56. Kf2 e4 57. Qc5+ Kg6 58. b4 Qf3+ 59. Ke1 e3 60. Qc2+ f5 61. b5 Kg5 62. b6 Qd5 63. Ke2 Qb5+ 64. Kxe3 Qxb6+ 65. Kf3 Qb7+ 66. Kf2 Qd5 67. Qe2 Qd4+ 68. Kg2 Qg4+ 69. Kf2 Qxe2+ 70. Kxe2 Kg4 71. Kf2 f4 72. Kg2 f3+ 73. Kf2 Kf4 74. Kf1 Kg3 75. Kg1 Kf4 76. Kf2 Ke4 1/2-1/2

[Event "FICGS rapid B 000388 email"]
[Site "FICGS email"]
[Date "2023.04.20"]
[Round "1"]
[White "Vollmer, Steve"]
[Black "Schangareev, Mirzian"]
[Result "0-1"]
[WhiteElo "1753"]
[BlackElo "1944"]
[PlyCount "90"]
[EventDate "2023.??.??"]
[EventType "tourn (rapid)"]
[EventRounds "6"]
[SourceTitle "Corr 2024"]
[Source "ChessBase"]
[SourceDate "2023.10.19"]
[SourceVersion "1"]
[SourceVersionDate "2023.10.19"]
[SourceQuality "1"]

1. c4 c5 2. g3 g6 3. Bg2 Nc6 4. Nf3 Bg7 5. Nc3 d6 6. 0-0 Bg4 7. h3 Bxf3 8. Bxf3 e6 9. d3 Nge7 10. Bf4 0-0 11. Qd2 d5 12. cxd5 Nxd5 13. Nxd5 exd5 14. Rac1 Qd7 15. Bg2 b6 16. a3 Nd4 17. Qd1 Rae8 18. Re1 Ne6 19. Qd2 Nxf4 20. gxf4 Qd6 21. e3 d4 22. Qc2 Re6 23. Re2 Rfe8 24. Rce1 dxe3 25. fxe3 Rd8 26. Rd1 Qe7 27. Rde1 Bf6 28. e4 Bd4+ 29. Kh1 g5 30. fxg5 Qxg5 31. Rf1 Be5 32. Rf3 Rg6 33. b3 a5 34. a4 Rg7 35. Qd2 Qg6 36. Qe3 Rd6 37. Rf5 f6 38. Qf3 Kh8 39. Rd2 Rd8 40. Rd1 Rdg8 41. Rd2 Qh6 42. Rf2 Rg3 43. Rh5 Rxg2 44. Rxe5 Qc1+ 45. Rf1 Rg1+ 0-1

[Event "FICGS W-ch st1 g04 email"]
[Site "FICGS email"]
[Date "2022.11.02"]
[Round "1"]
[White "Vollmer, Steve"]
[Black "Zerowska, Patrycja"]
[Result "0-1"]
[WhiteElo "1758"]
[BlackElo "2046"]
[PlyCount "58"]
[EventDate "2022.??.??"]
[EventType "tourn (corr)"]
[EventRounds "6"]
[SourceTitle "Corr 2024"]
[Source "ChessBase"]
[SourceDate "2023.10.19"]
[SourceVersion "1"]
[SourceVersionDate "2023.10.19"]
[SourceQuality "1"]

1. d4 Nf6 2. c4 e6 3. Nf3 d5 4. e3 Be7 5. Nc3 0-0 6. Bd3 dxc4 7. Bxc4 a6 8. a4 b6 9. 0-0 Bb7 10. b3 c5 11. dxc5 Bxc5 12. Bb2 Nc6 13. Qe2 Qe7 14. Rad1 Na5 15. Ne5 Bd6 16. Ng4 Nxg4 17. Qxg4 Be5 18. Rd3 Nxc4 19. bxc4 Rad8 20. Rfd1 Rxd3 21. Rxd3 Qb4 22. Qe2 Qxc4 23. Qd2 a5 24. f4 Ba6 25. fxe5 Qxd3 26. Qxd3 Bxd3 27. Nb5 Bxb5 28. axb5 Rd8 29. Bd4 Rd5 0-1

[Event "FICGS class C 000360 email"]
[Site "FICGS email"]
[Date "2022.08.28"]
[Round "1"]
[White "Rafferty, Frey"]
[Black "Vollmer, Steve"]
[Result "1-0"]
[WhiteElo "1900"]
[BlackElo "1810"]
[PlyCount "29"]
[EventDate "2022.??.??"]
[EventType "tourn (corr)"]
[EventRounds "1"]
[SourceTitle "Corr 2024"]
[Source "ChessBase"]
[SourceDate "2023.10.19"]
[SourceVersion "1"]
[SourceVersionDate "2023.10.19"]
[SourceQuality "1"]

1. e4 e5 2. f4 exf4 3. Nf3 d5 4. exd5 Qxd5 5. Nc3 Qd8 6. d4 Bd6 7. Bc4 Qe7+ 8. Kf2 Qd8 9. Re1+ Kf8 10. Ne4 Nh6 11. Nxd6 Qxd6 12. Qe2 Bd7 13. Bxf4 Qc6 14. Qe7+ Kg8 15. Qd8+ 1-0

[Event "FICGS rapid B 000383 email"]
[Site "FICGS email"]
[Date "2022.08.04"]
[Round "1"]
[White "Detchin, Yra"]
[Black "Vollmer, Steve"]
[Result "1-0"]
[WhiteElo "1881"]
[BlackElo "1810"]
[PlyCount "47"]
[EventDate "2022.??.??"]
[EventType "tourn (rapid)"]
[EventRounds "6"]
[SourceTitle "Corr 2024"]
[Source "ChessBase"]
[SourceDate "2023.10.19"]
[SourceVersion "1"]
[SourceVersionDate "2023.10.19"]
[SourceQuality "1"]

1. e4 c5 2. Nf3 d6 3. c3 Nf6 4. h3 Nc6 5. Bd3 e6 6. Bc2 c4 7. Qe2 b5 8. a4 Ba6 9. axb5 Bxb5 10. b3 Na5 11. Na3 Bc6 12. b4 Nb7 13. Nxc4 Be7 14. Nd4 Bd7 15. e5 Nd5 16. b5 dxe5 17. Nxe5 Nd6 18. 0-0 0-0 19. Ndc6 Bxc6 20. Nxc6 Qc7 21. Qd3 Nf6 22. Nxe7+ Qxe7 23. Ra6 Rfd8 24. Ba3 1-0

[Event "FICGS rapid B 000383 email"]
[Site "FICGS email"]
[Date "2022.08.04"]
[Round "1"]
[White "Vollmer, Steve"]
[Black "Schleef, Harald"]
[Result "0-1"]
[WhiteElo "1810"]
[BlackElo "2016"]
[PlyCount "64"]
[EventDate "2022.??.??"]
[EventType "tourn (rapid)"]
[EventRounds "6"]
[SourceTitle "Corr 2024"]
[Source "ChessBase"]
[SourceDate "2023.10.19"]
[SourceVersion "1"]
[SourceVersionDate "2023.10.19"]
[SourceQuality "1"]

1. d4 Nf6 2. c4 e6 3. Nc3 d5 4. e3 c6 5. Nf3 Nbd7 6. Bd3 dxc4 7. Bxc4 b5 8. Bd3 a6 9. 0-0 Bb7 10. Bd2 c5 11. dxc5 Nxc5 12. Bc2 Rc8 13. Rc1 Bd6 14. h3 0-0 15. Qe2 b4 16. Nd1 a5 17. b3 Ba6 18. Qe1 Nd3 19. Bxd3 Bxd3 20. Nb2 Rxc1 21. Qxc1 Bxf1 22. Qxf1 Ne4 23. Nc4 Be7 24. Be1 Nd6 25. Nce5 Qa8 26. Nd4 Rc8 27. f3 Bf6 28. Nd7 Bxd4 29. exd4 Rc2 30. Bg3 Nf5 31. Bf2 Qd5 32. Qd3 Rc1+ 0-1

[Event "FICGS rapid B 000382 email"]
[Site "FICGS email"]
[Date "2022.07.14"]
[Round "1"]
[White "Vollmer, Steve"]
[Black "D Ettorre, Rodolfo"]
[Result "0-1"]
[WhiteElo "1810"]
[BlackElo "1926"]
[PlyCount "56"]
[EventDate "2022.??.??"]
[EventType "tourn (rapid)"]
[EventRounds "6"]
[SourceTitle "Corr 2024"]
[Source "ChessBase"]
[SourceDate "2023.10.19"]
[SourceVersion "1"]
[SourceVersionDate "2023.10.19"]
[SourceQuality "1"]

1. c4 e6 2. Nf3 Nf6 3. g3 d5 4. cxd5 exd5 5. d4 Bd6 6. Bg2 c6 7. Nc3 0-0 8. 0-0 Re8 9. Qc2 Nbd7 10. e4 Nxe4 11. Nxe4 dxe4 12. Ng5 Nf6 13. Nxe4 Be7 14. Rd1 Bg4 15. f3 Bh5 16. Nxf6+ Bxf6 17. Qc3 c5 18. Be3 Rxe3 19. Qxe3 Bxd4 20. Rxd4 cxd4 21. Qf4 Qb6 22. b3 d3+ 23. Kh1 Qf2 24. g4 Bg6 25. Qe5 Qc2 26. Re1 h6 27. Qa1 Rc8 28. Bf1 Qf2 0-1

[Event "FICGS rapid B 000380 email"]
[Site "FICGS email"]
[Date "2022.06.19"]
[Round "1"]
[White "Pintor, Manuel"]
[Black "Vollmer, Steve"]
[Result "1/2-1/2"]
[WhiteElo "1718"]
[BlackElo "1779"]
[PlyCount "140"]
[EventDate "2022.??.??"]
[EventType "tourn (rapid)"]
[EventRounds "6"]
[SourceTitle "Corr 2024"]
[Source "ChessBase"]
[SourceDate "2023.10.19"]
[SourceVersion "1"]
[SourceVersionDate "2023.10.19"]
[SourceQuality "1"]

1. e4 c5 2. f4 d6 3. Nf3 Nc6 4. Bc4 e6 5. c3 Nf6 6. d3 Be7 7. 0-0 Qc7 8. Ng5 0-0 9. Qf3 h6 10. Nh3 Bd7 11. Qg3 d5 12. exd5 exd5 13. Bb3 Rfe8 14. Nd2 Bf5 15. Nf3 Bxd3 16. Re1 Bd6 17. Bd2 Nh5 18. Qg4 Nf6 19. Qh4 c4 20. Ba4 Re4 21. Bxc6 bxc6 22. Rxe4 dxe4 23. Nd4 Nd5 24. Nf5 Bf8 25. b4 e3 26. Nxe3 Re8 27. Re1 Qb6 28. Qg3 Bd6 29. Kh1 Nf6 30. Nf5 Rxe1+ 31. Bxe1 Bxf5 32. a4 Ne4 33. Qf3 a5 34. g4 Bh7 35. f5 Ng5 36. Nxg5 hxg5 37. bxa5 Qb1 38. Qe2 Kf8 39. Kg2 Qd3 40. Qxd3 cxd3 41. a6 Bc5 42. Bd2 Ba7 43. Bxg5 f6 44. Bd2 Bg8 45. Kf3 Bd5+ 46. Kf4 Ke7 47. h4 c5 48. g5 fxg5+ 49. hxg5 Bc6 50. c4 Bxa4 51. Ke4 Bd7 52. Bc3 Be8 53. Kxd3 g6 54. f6+ Ke6 55. Ke4 Bf7 56. Bd2 Kd7 57. Kd3 Kc6 58. Ba5 Bb6 59. Bd2 Kd7 60. Bf4 Kc8 61. Bd6 Ba7 62. Bf4 Kd7 63. Bd2 Kc7 64. Ba5+ Kd6 65. Bc3 Bg8 66. Bd2 Ke5 67. Kc3 Ke4 68. Bc1 Ke5 69. Kd3 Kd6 70. Bd2 Kc6 1/2-1/2

[Event "FICGS rapid B 000380 email"]
[Site "FICGS email"]
[Date "2022.06.19"]
[Round "1"]
[White "Vollmer, Steve"]
[Black "Nimylovych, Taras"]
[Result "0-1"]
[WhiteElo "1779"]
[BlackElo "2000"]
[PlyCount "52"]
[EventDate "2022.??.??"]
[EventType "tourn (rapid)"]
[EventRounds "6"]
[SourceTitle "Corr 2024"]
[Source "ChessBase"]
[SourceDate "2023.10.19"]
[SourceVersion "1"]
[SourceVersionDate "2023.10.19"]
[SourceQuality "1"]

1. d4 Nf6 2. c4 e6 3. Nf3 d5 4. Bg5 dxc4 5. Nc3 a6 6. a4 Nc6 7. e3 Na5 8. Ne5 Bb4 9. Bxc4 Nxc4 10. Nxc4 Qd5 11. Bxf6 Qxg2 12. Ke2 gxf6 13. Rg1 Qh3 14. Qb3 a5 15. Rg3 Qh5+ 16. Kd3 Qf5+ 17. Ke2 Bd7 18. Rag1 Bc6 19. f3 0-0-0 20. e4 Qh5 21. Qd1 Bc5 22. d5 exd5 23. exd5 Bxg1 24. Qxg1 Bxd5 25. Nxa5 Bxf3+ 26. Rxf3 Rhe8+ 0-1

[Event "FICGS rapid B 000378 email"]
[Site "FICGS email"]
[Date "2022.04.18"]
[Round "1"]
[White "Vollmer, Steve"]
[Black "Denegri, German"]
[Result "1/2-1/2"]
[WhiteElo "1737"]
[BlackElo "1992"]
[PlyCount "54"]
[EventDate "2022.??.??"]
[EventType "tourn (rapid)"]
[EventRounds "6"]
[SourceTitle "Corr 2024"]
[Source "ChessBase"]
[SourceDate "2023.10.19"]
[SourceVersion "1"]
[SourceVersionDate "2023.10.19"]
[SourceQuality "1"]

1. e4 c6 2. d4 d5 3. Nc3 dxe4 4. Nxe4 Bf5 5. Ng3 Bg6 6. Nf3 Nd7 7. Be2 e6 8. 0-0 Bd6 9. c4 Ngf6 10. Bd3 Bxd3 11. Qxd3 0-0 12. Bd2 Qc7 13. Rad1 Rad8 14. Qe2 Rfe8 15. Bc3 a6 16. a4 h6 17. Ne5 b5 18. axb5 axb5 19. b3 b4 20. Bb2 c5 21. Nxd7 Nxd7 22. Qc2 Be7 23. Ne4 cxd4 24. Bxd4 e5 25. Bb2 Nc5 26. Nxc5 Bxc5 27. Rfe1 f6 1/2-1/2

[Event "FICGS rapid B 000376 email"]
[Site "FICGS email"]
[Date "2022.03.12"]
[Round "1"]
[White "Vollmer, Steve"]
[Black "Talek, Jan"]
[Result "1-0"]
[WhiteElo "1737"]
[BlackElo "1958"]
[PlyCount "37"]
[EventDate "2022.??.??"]
[EventType "tourn (rapid)"]
[EventRounds "6"]
[SourceTitle "Corr 2024"]
[Source "ChessBase"]
[SourceDate "2023.10.19"]
[SourceVersion "1"]
[SourceVersionDate "2023.10.19"]
[SourceQuality "1"]

1. d4 c5 2. dxc5 e6 3. e4 Bxc5 4. Bd3 h6 5. Nf3 d6 6. Nc3 a6 7. 0-0 Nc6 8. Qe2 e5 9. Be3 Bxe3 10. Qxe3 Be6 11. Nd5 Nf6 12. c4 Bxd5 13. exd5 Ne7 14. Nd2 0-0 15. f3 b5 16. b3 bxc4 17. bxc4 Rb8 18. Rab1 Qc7 19. Rb3 1-0

[Event "FICGS rapid B 000375 email"]
[Site "FICGS email"]
[Date "2022.02.27"]
[Round "1"]
[White "Javier, Christian"]
[Black "Vollmer, Steve"]
[Result "1-0"]
[WhiteElo "1940"]
[BlackElo "1774"]
[PlyCount "29"]
[EventDate "2022.??.??"]
[EventType "tourn (rapid)"]
[EventRounds "6"]
[SourceTitle "Corr 2024"]
[Source "ChessBase"]
[SourceDate "2023.10.19"]
[SourceVersion "1"]
[SourceVersionDate "2023.10.19"]
[SourceQuality "1"]

1. e4 c5 2. Nf3 Nc6 3. Bb5 d6 4. 0-0 e5 5. c3 Nf6 6. d4 Bd7 7. dxc5 dxc5 8. Nbd2 a6 9. Bxc6 Bxc6 10. Nxe5 Bxe4 11. Re1 Qd5 12. Nec4 Be7 13. Nxe4 Qxd1 14. Nxf6+ gxf6 15. Rxd1 1-0

[Event "FICGS rapid B 000372 email"]
[Site "FICGS email"]
[Date "2022.01.03"]
[Round "1"]
[White "Swiatek, Janusz"]
[Black "Vollmer, Steve"]
[Result "1-0"]
[WhiteElo "2097"]
[BlackElo "1774"]
[PlyCount "37"]
[EventDate "2022.??.??"]
[EventType "tourn (rapid)"]
[EventRounds "6"]
[SourceTitle "Corr 2024"]
[Source "ChessBase"]
[SourceDate "2023.10.19"]
[SourceVersion "1"]
[SourceVersionDate "2023.10.19"]
[SourceQuality "1"]

1. e4 e5 2. Nf3 Nf6 3. Nxe5 d6 4. Nf3 Nxe4 5. d4 Be7 6. Bd3 Nf6 7. 0-0 0-0 8. h3 c6 9. Re1 Nbd7 10. c4 Re8 11. Nc3 Nf8 12. b4 Ng6 13. a4 a5 14. b5 c5 15. dxc5 dxc5 16. Ra2 b6 17. Rae2 Ra7 18. Bxg6 hxg6 19. Qxd8 1-0